| 000 | 00750nam a22001935i 4500 | ||
|---|---|---|---|
| 001 | 48483 | ||
| 003 | ES-MaACL | ||
| 005 | 20230906161747.0 | ||
| 007 | t| | ||
| 008 | 950721s1868 fr ||||1| fre d | ||
| 040 |
_aCAM _bspa _cCAM |
||
| 100 | 1 |
_aDelanoüe, J. _943314 |
|
| 245 | 1 | 0 |
_aNote sur la constitution géologique des environs de Thèbes / _cpar M.J. Delanoüe. |
| 260 |
_aParis : _bGauthier-Villars, _c[1868?] |
||
| 300 |
_a14 p. ; _c25 cm. |
||
| 500 | _aComptes rendus des séances de l'Académie des Sciences, t. LXVXII, p. 701, séance du 5 octobre 1868. | ||
| 650 | 4 |
_aGeología- _zEgipto. _9157289 |
|
| 852 |
_aES-MaACL _jT-898-F-1 _z.- Legado de Federico de Botella y de Hornos _z.- Enc. en un vol. facticio falto de la cub. original |
||
| 999 |
_c48483 _d48483 |
||